MARC details
| 000 -LEADER |
| fixed length control field |
03310cam a22004338i 4500 |
| 001 - CONTROL NUMBER |
| control field |
ocn992743470 |
| 003 - CONTROL NUMBER IDENTIFIER |
| control field |
OCoLC |
| 005 - DATE AND TIME OF LATEST TRANSACTION |
| control field |
20171013135406.0 |
| 008 - FIXED-LENGTH DATA ELEMENTS--GENERAL INFORMATION |
| fixed length control field |
170821t20172017meu d 000 1 eng |
| 010 ## - LIBRARY OF CONGRESS CONTROL NUMBER |
| LC control number |
2017037033 |
| 020 ## - INTERNATIONAL STANDARD BOOK NUMBER |
| International Standard Book Number |
9781432843403 |
| Qualifying information |
(hardcover) |
| 020 ## - INTERNATIONAL STANDARD BOOK NUMBER |
| International Standard Book Number |
1432843400 |
| Qualifying information |
(hardcover) |
| 035 ## - SYSTEM CONTROL NUMBER |
| System control number |
1162000 |
| 040 ## - CATALOGING SOURCE |
| Original cataloging agency |
DLC |
| Language of cataloging |
eng |
| Description conventions |
rda |
| Transcribing agency |
DLC |
| Modifying agency |
BTCTA |
| -- |
WYZ |
| -- |
JTD |
| -- |
OCLCO |
| -- |
ORX |
| -- |
OCLCF |
| -- |
JNE |
| -- |
OJ4 |
| -- |
TXMLR |
| -- |
RIOSL |
| -- |
BYV |
| 042 ## - AUTHENTICATION CODE |
| Authentication code |
pcc |
| 043 ## - GEOGRAPHIC AREA CODE |
| Geographic area code |
e-uk-en |
| 092 ## - LOCALLY ASSIGNED DEWEY CALL NUMBER (OCLC) |
| Classification number |
large print |
| 100 1# - MAIN ENTRY--PERSONAL NAME |
| Personal name |
Perry, Anne, |
| Relator term |
author. |
| 9 (RLIN) |
57244 |
| 245 13 - TITLE STATEMENT |
| Title |
An echo of murder |
| Medium |
[text (large print)] : |
| Remainder of title |
a William Monk novel / |
| Statement of responsibility, etc |
Anne Perry. |
| 250 ## - EDITION STATEMENT |
| Edition statement |
Large print edition. |
| 264 #1 - Production, Publication, Distribution, Manufacture, and Copyright Notice. |
| Place of production, publication, distribution, manufacture |
Waterville, Maine : |
| Name of producer, publisher, distributor, manufacturer |
Thorndike Press, |
| Date of production, publication, distribution, manufacture, or copyr |
2017. |
| 264 #4 - Production, Publication, Distribution, Manufacture, and Copyright Notice. |
| Date of production, publication, distribution, manufacture, or copyr |
©2017. |
| 300 ## - PHYSICAL DESCRIPTION |
| Extent |
497 pages (large print) ; |
| Dimensions |
23 cm. |
| 336 ## - Content Type |
| Content type term |
text |
| 337 ## - Media type |
| Media type term |
unmediated |
| 338 ## - Carrier type |
| Carrier type term |
volume |
| 490 0# - SERIES STATEMENT |
| Series statement |
Thorndike Press large print basic. |
| 490 1# - SERIES STATEMENT |
| Series statement |
A William Monk novel ; |
| Volume number/sequential designation |
23. |
| 500 ## - GENERAL NOTE |
| General note |
"Thorndike Press large print basic series" |
| 520 ## - SUMMARY, ETC. |
| Summary, etc |
"In this riveting new William Monk novel, Anne Perry delves into the diverse population of Victorian London, whose disparate communities force Monk to rethink his investigative techniques--lest he be caught in the crosshairs of violent bigotry. In the course of his tenure with the Thames River Police, Commander Monk has yet to see a more gruesome crime scene: a Hungarian warehouse owner lies in the middle of his blood-sodden office, pierced through the chest with a bayonet and eerily surrounded by seventeen candles, their wicks dipped in blood. Suspecting the murder may be rooted in ethnic prejudice, Monk turns to London's Hungarian community in search of clues but finds his inquiries stymied by its wary citizens and a language he doesn't speak. Only with the help of a local pharmacist acting as translator can Monk hope to penetrate this tightly knit enclave, even as more of its members fall victim to identical brutal murders. But whoever the killer, or killers, may be--a secret society practicing ritual sacrifice, a madman on a spree, a British native targeting foreigners--they are well hidden among the city's ever-growing populace. With the able assistance of his wife--former battlefield nurse Hester, who herself is dealing with a traumatized war veteran who may be tangled up in the murders--Monk must combat distrust, hostility, and threats from the very people he seeks to protect. But as the body count grows, stirring ever greater fear and anger among the Hungarian, resistance to the police also increases. Racing time and the rising tide of terror all around him, Monk must be even more relentless than the mysterious killer, or the echoes of malice and murder will resound through London's streets like a clarion of doom." -- |
| 650 #0 - SUBJECT ADDED ENTRY--TOPICAL TERM |
| Topical term or geographic name as entry element |
Monk, William (Fictitious character) |
| Form subdivision |
Fiction. |
| 9 (RLIN) |
5675258 |
| 650 #0 - SUBJECT ADDED ENTRY--TOPICAL TERM |
| Topical term or geographic name as entry element |
Private investigators |
| Geographic subdivision |
England |
| -- |
London |
| Form subdivision |
Fiction. |
| 9 (RLIN) |
5675259 |
| 650 #0 - SUBJECT ADDED ENTRY--TOPICAL TERM |
| Topical term or geographic name as entry element |
Murder |
| General subdivision |
Investigation |
| Form subdivision |
Fiction. |
| 9 (RLIN) |
5673630 |
| 651 #0 - SUBJECT ADDED ENTRY--GEOGRAPHIC NAME |
| Geographic name |
London (England) |
| General subdivision |
History |
| Chronological subdivision |
19th century |
| Form subdivision |
Fiction. |
| 9 (RLIN) |
5674665 |
| 655 #0 - INDEX TERM--GENRE/FORM |
| Genre/form data or focus term |
Large type books. |
| 9 (RLIN) |
5673625 |
| 655 #7 - INDEX TERM--GENRE/FORM |
| Genre/form data or focus term |
Detective and mystery fiction. |
| Source of term |
lcgft. |
| 9 (RLIN) |
5683641 |
| 655 #7 - INDEX TERM--GENRE/FORM |
| Genre/form data or focus term |
Historical fiction. |
| Source of term |
lcgft. |
| 9 (RLIN) |
102701 |
| 800 1# - SERIES ADDED ENTRY--PERSONAL NAME |
| Personal name |
Perry, Anne. |
| Title of a work |
William Monk novel ; |
| Volume/sequential designation |
23. |
| 9 (RLIN) |
5734223 |
| 907 ## - LOCAL DATA ELEMENT G, LDG (RLIN) |
| a |
.b373564570 |
| 942 ## - ADDED ENTRY ELEMENTS (KOHA) |
| Source of classification or shelving scheme |
Dewey Decimal Classification |
| Koha item type |
BOOK |